000 00558nam a2200229Ia 4500
003 OSt
005 20220928143422.0
006 a|||||r|||| 00| 0
007 ta
008 220927b |||||||| |||| 00| 0 eng d
024 _a22115
037 _cTextual
040 _aSDCL
_cSDCL
_beng
041 _2eng
_aeng
082 _aE9G,982, M0
100 _aRider C C
_9505430
245 0 _aIsoenzymes.
260 _c1980
700 _a Taylor C B
_9505431
942 _hE9G,982, M0
_cTEXL
_2CC
999 _c824126
_d824126